<?xml version="1.0" encoding="UTF-8"?>
<record
    xmlns:xsi="http://www.w3.org/2001/XMLSchema-instance"
    xsi:schemaLocation="http://www.loc.gov/MARC21/slim http://www.loc.gov/standards/marcxml/schema/MARC21slim.xsd"
    xmlns="http://www.loc.gov/MARC21/slim">

  <leader>00809nam1a22002171i 4500</leader>
  <controlfield tag="001">rc\1000958</controlfield>
  <controlfield tag="005">20260406204511.0</controlfield>
  <datafield tag="035" ind1=" " ind2=" ">
    <subfield code="a">(NLR Aleph) 006246929</subfield>
  </datafield>
  <datafield tag="090" ind1=" " ind2=" ">
    <subfield code="a">6717245</subfield>
    <subfield code="c">6717245</subfield>
  </datafield>
  <datafield tag="100" ind1=" " ind2=" ">
    <subfield code="a">20041129g19819999u  |0rusy50      ca</subfield>
  </datafield>
  <datafield tag="101" ind1="0" ind2=" ">
    <subfield code="a">rus</subfield>
  </datafield>
  <datafield tag="102" ind1=" " ind2=" ">
    <subfield code="a">RU</subfield>
  </datafield>
  <datafield tag="105" ind1=" " ind2=" ">
    <subfield code="a">y   |||||||||</subfield>
  </datafield>
  <datafield tag="200" ind1="1" ind2=" ">
    <subfield code="a">&#x421;&#x43E;&#x432;&#x435;&#x440;&#x448;&#x435;&#x43D;&#x441;&#x442;&#x432;&#x43E;&#x432;&#x430;&#x43D;&#x438;&#x435; &#x445;&#x43E;&#x437;&#x44F;&#x439;&#x441;&#x442;&#x432;&#x435;&#x43D;&#x43D;&#x43E;&#x433;&#x43E; &#x43C;&#x435;&#x445;&#x430;&#x43D;&#x438;&#x437;&#x43C;&#x430;</subfield>
    <subfield code="e">&#x421;&#x43F;&#x438;&#x441;&#x43E;&#x43A; &#x43B;&#x438;&#x442;. ...</subfield>
    <subfield code="f">&#x42D;&#x441;&#x442;. &#x41D;&#x418;&#x418; &#x41D;&#x422;&#x418; &#x438; &#x442;&#x435;&#x445;&#x43D;.-&#x44D;&#x43A;&#x43E;&#x43D;. &#x438;&#x441;&#x441;&#x43B;&#x435;&#x434;., &#x420;&#x435;&#x441;&#x43F;. &#x43D;&#x430;&#x443;&#x447;.-&#x442;&#x435;&#x445;&#x43D;. &#x431;-&#x43A;&#x430; &#x42D;&#x421;&#x421;&#x420;</subfield>
  </datafield>
  <datafield tag="210" ind1=" " ind2=" ">
    <subfield code="a">&#x422;&#x430;&#x43B;&#x43B;&#x438;&#x43D;</subfield>
    <subfield code="c">&#x411;. &#x438;.</subfield>
    <subfield code="d">1981-</subfield>
  </datafield>
  <datafield tag="215" ind1=" " ind2=" ">
    <subfield code="d">20</subfield>
  </datafield>
  <datafield tag="712" ind1="0" ind2="2">
    <subfield code="a">&#x42D;&#x441;&#x442;&#x43E;&#x43D;&#x441;&#x43A;&#x430;&#x44F; &#x440;&#x435;&#x441;&#x43F;. &#x43D;&#x430;&#x443;&#x447;.-&#x442;&#x435;&#x445;&#x43D;. &#x431;-&#x43A;&#x430;</subfield>
    <subfield code="c">&#x422;&#x430;&#x43B;&#x43B;&#x438;&#x43D;</subfield>
    <subfield code="3">RU\NLR\AUTH\889964903</subfield>
    <subfield code="9">426018</subfield>
  </datafield>
  <datafield tag="801" ind1=" " ind2="0">
    <subfield code="a">RU</subfield>
    <subfield code="b">NLR</subfield>
    <subfield code="g">psbo</subfield>
  </datafield>
  <datafield tag="801" ind1=" " ind2="1">
    <subfield code="a">RU</subfield>
    <subfield code="b">ELAR</subfield>
    <subfield code="2">rusmarc</subfield>
  </datafield>
  <datafield tag="852" ind1=" " ind2=" ">
    <subfield code="a">NLR</subfield>
    <subfield code="b">&#x421;</subfield>
    <subfield code="j">&#x41A;-1/1107</subfield>
  </datafield>
  <datafield tag="942" ind1=" " ind2=" ">
    <subfield code="c">BOOK</subfield>
  </datafield>
</record>
